Online
Catalog

Tratado de derecho inmobiliario : (Record no. 4850)

MARC details
000 -CABECERA
campo de control de longitud fija 02914nam a2200385 i 4500
001 - NÚMERO DE CONTROL
campo de control 000005045
003 - IDENTIFICADOR DEL NÚMERO DE CONTROL
campo de control DO-SdBNP
005 - FECHA Y HORA DE LA ÚLTIMA TRANSACCIÓN
campo de control 20260417105320.0
007 - CAMPO FIJO DE DESCRIPCIÓN FÍSICA--INFORMACIÓN GENERAL
campo de control de longitud fija ta
008 - DATOS DE LONGITUD FIJA--INFORMACIÓN GENERAL
campo de control de longitud fija 090729s2003 dr 000 0 spa d
020 ## - NÚMERO INTERNACIONAL ESTÁNDAR DEL LIBRO
Número Internacional Estándar del Libro 9993403377
040 ## - FUENTE DE LA CATALOGACIÓN
Centro catalogador/agencia de origen DO-SdBNP
Lengua de catalogación spa
Centro/agencia transcriptor BNPHU
Normas de descripción rda
041 ## - CÓDIGO DE LENGUA
Código de lengua del texto/banda sonora o título independiente spa
082 #4 - NÚMERO DE LA CLASIFICACIÓN DECIMAL DEWEY
Número de clasificación 346.043
Número de documento/Ítem C577t
Número de edición 22
100 ## - ENTRADA PRINCIPAL--NOMBRE DE PERSONA
Nombre de persona Ciprián, Rafael,
Fechas asociadas al nombre 1959-
Término indicativo de función/relación autor
Código de función/relación aut.
9 (RLIN) 839
245 10 - MENCIÓN DE TÍTULO
Título Tratado de derecho inmobiliario :
Resto del título bases legales, jurisprudencia, doctrina y procedimientos /
Mención de responsabilidad, etc. Rafael Ciprián ; prólogo, Luis Scheker Ortiz.
250 ## - MENCIÓN DE EDICIÓN
Mención de edición primera edición
264 #1 - PRODUCCIÓN, PUBLICACIÓN, DISTRIBUCIÓN, FABRICACIÓN Y COPYRIGHT
Producción, publicación, distribución, fabricación y copyright Santo Domingo :
Nombre del de productor, editor, distribuidor, fabricante Editora Centenario,
Fecha de producción, publicación, distribución, fabricación o copyright 2003.
300 ## - DESCRIPCIÓN FÍSICA
Extensión 1008 páginas ;
Dimensiones 25 cm.
336 ## - TIPO DE CONTENIDO
Término de tipo de contenido texto
Código de tipo de contenido txt
Fuente rdacontent
337 ## - TIPO DE MEDIO
Nombre/término del tipo de medio sin mediación
Código del tipo de medio n
Fuente rdamedia
338 ## - TIPO DE SOPORTE
Nombre/término del tipo de soporte volumen
Código del tipo de soporte nc
Fuente rdacarrier
500 ## - NOTA GENERAL
Nota general Incluye índice analítico y de nombres
504 ## - NOTA DE BIBLIOGRAFÍA, ETC.
Nota de bibliografía, etc. Bibliografía: páginas 1003-1008
505 0# - NOTA DE CONTENIDO CON FORMATO
Nota de contenido con formato Generalidades sobre los inmuebles --
Título Reseña histórica --
-- La propiedad pública inmobiliaria --
-- La propiedad inmobiliaria dominicana precapitalista --
-- Los grandes sistemas de regsitros de la propiedad inmobiliaria --
-- Impacto de ocupación militar norteamericana en derecho inmobiliario RD --
-- La gran legislación inmobiliaria dominicana --
-- Competencia y atribuciones del Tribunal de Tierras --
-- Procedimiento de saneamiento catastral --
-- Régimen de publicidad y notificación de sentencias del Tribunal de Tierras --
-- El decreto de registro --
-- Certificado de título inmobiliario --
-- Caracteres del certificado de título de propiedad inmobiliaria --
-- Duplicado por pérdida del certificado de título --
-- La prueba en materia inmobiliaria --
-- Los recursos contra las decisiones o sentencias del Tribunal de Tierras --
-- La revisión de oficio de las decisiones de jurisdicción original --
-- Recurso de casación contra las sentencias dictadas por Tribunal de Tierras --
-- Recurso de revisión por causa de fraude --
-- Recurso de revisión por causa de error material --
-- Prescripción y otros medios de inadmisión y exepción en materia inmobiliaria --
-- Demanda contra el fondo de seguro de terrenos registrados --
-- Deslinde, subdivisión y refundición --
-- Registro de mejoras --
-- Actos jurídicos relativos a derechos inmobiliarios --
-- El aluvión y sus efectos jurídicos --
-- Litis sobre derechos registrados --
-- Régimen legal de condominio --
-- Determinación de herederos y partición sucesoria ante Tribunal de Tierras --
-- El embargo inmobiliario.
590 ## - NOTA LOCAL (RLIN)
Nota local Inventariado, 2018/LP
650 #4 - PUNTO DE ACCESO ADICIONAL DE MATERIA--TÉRMINO DE MATERIA
Término de materia o nombre geográfico como elemento de entrada Bienes raíces
Subdivisión general Legislación
9 (RLIN) 14523
650 #4 - PUNTO DE ACCESO ADICIONAL DE MATERIA--TÉRMINO DE MATERIA
Término de materia o nombre geográfico como elemento de entrada Derecho de propiedad
9 (RLIN) 4070
650 #4 - PUNTO DE ACCESO ADICIONAL DE MATERIA--TÉRMINO DE MATERIA
Término de materia o nombre geográfico como elemento de entrada Desarrollo de bienes raíces
Subdivisión general Legislación
9 (RLIN) 14524
650 #4 - PUNTO DE ACCESO ADICIONAL DE MATERIA--TÉRMINO DE MATERIA
Término de materia o nombre geográfico como elemento de entrada Registro de la propiedad
9 (RLIN) 14525
650 #4 - PUNTO DE ACCESO ADICIONAL DE MATERIA--TÉRMINO DE MATERIA
Término de materia o nombre geográfico como elemento de entrada Leyes
Subdivisión geográfica República Dominicana
9 (RLIN) 3033
700 1# - PUNTO DE ACCESO ADICIONAL--NOMBRE DE PERSONA
Nombre de persona Scheker Ortiz, Luis,
Término indicativo de función/relación prologuista
Código de función/relación pr.
9 (RLIN) 9515
910 ## - DATOS DE OPCIÓN DEL USUARIO (OCLC)
Datos de opción del usuario Validado. Control de calidad MMOLINA
942 ## - ELEMENTOS DE PUNTO DE ACCESO ADICIONAL (KOHA)
Fuente del sistema de clasificación o colocación Dewey Decimal Classification
Tipo de ítem Koha Libro
Holdings
Estado de retiro Estado de pérdida Fuente del sistema de clasificación o colocación Restricciones de uso No para préstamo Código de colección Localización permanente Ubicación/localización actual Ubicación en estantería Fecha de adquisición Fuente de adquisición Total de préstamos Signatura topográfica completa Código de barras Fecha visto por última vez Precio válido a partir de Tipo de ítem Koha Número de copia Nota pública
    Dewey Decimal Classification Excluido de préstamo   Patrimonio Dominicano Biblioteca Nacional Pedro Henríquez Ureña Biblioteca Nacional Pedro Henríquez Ureña Depósito 29.07.2009 Depósito Legal   BNPHU PD 346.043 C577t 5045-10 25.06.2020 25.06.2020 Libro    
    Dewey Decimal Classification Excluido de préstamo   Patrimonio Dominicano Biblioteca Nacional Pedro Henríquez Ureña Biblioteca Nacional Pedro Henríquez Ureña Depósito 29.07.2009 Depósito Legal   BNPHU PD 346.043 C577t 5045-20 25.06.2020 25.06.2020 Libro e.2  
    Dewey Decimal Classification Préstamo en sala   Dominicana de Servicio Biblioteca Nacional Pedro Henríquez Ureña Biblioteca Nacional Pedro Henríquez Ureña Depósito 17.04.2026 Donado por Ferolina S. Peralta   BNPHU DS 346.043 C577t 2026-2838 17.04.2026 17.04.2026 Libro e.3  
    Dewey Decimal Classification Préstamo en sala   Dominicana de Servicio Biblioteca Nacional Pedro Henríquez Ureña Biblioteca Nacional Pedro Henríquez Ureña Depósito 17.04.2026 Donado por Laura Pujols   BNPHU DS 346.043 C577t 2026-2839 17.04.2026 17.04.2026 Libro e.4 Dedicado.

Powered by Koha